00453nam a2200157Ia 4500003000400000005001700004008004000021040000700061041001200068082001600080100002100096245008200117260002600199300001000225650006000235OSt20250703151559.0210210b1981 xxu||||| |||| 00| 0 eng d cAL aEnglish a515.63 SPIS aMurray R Spiegel aSchaums outline of theory and problems of vector analysis and tensor analysis aNDbMcGraw Hillc1981 a225p. aSchaum's outline series problems vector analysis Tensor